| 000 | 00000nas 2200000zi 4500 |
| 001 | 9.880296 |
| 003 | CaOODSP |
| 005 | 20250722160635 |
| 006 | m go d f |
| 007 | cr cn |||||||| |
| 008 | 191007d20162023oncar p o f0 a0eng|d |
| 022 | |a2819-5299 |
| 040 | |aCaOODSP|beng|erda|cCaOODSP |
| 043 | |an-cn--- |
| 086 | 1 |aE78-1E-PDF |
| 222 | 0|aExports of military goods |
| 245 | 00|aExports of military goods. |
| 246 | 1 |iIssue for 2023 has title: |aExports of military goods and technology |
| 264 | 1|a[Ottawa] : |bGlobal Affairs Canada = Affaires mondiales Canada, |c[2017-2024] |
| 310 | |aAnnual |
| 336 | |atext|btxt|2rdacontent |
| 337 | |acomputer|bc|2rdamedia |
| 338 | |aonline resource|bcr|2carrier |
| 362 | 1 |aBegan with: 2016; ceased with: 2023. |
| 500 | |aIssued also in French under title: Les exportations de marchandises militaires. |
| 588 | |aDescription based on: 2016. |
| 588 | |aLatest issue consulted: 2023. |
| 692 | 07|2gccst|aArms control |
| 692 | 07|2gccst|aExports |
| 692 | 07|2gccst|aInternational cooperation |
| 692 | 07|2gccst|aInternational security |
| 692 | 07|2gccst|aPolicy |
| 692 | 07|2gccst|aWeapons |
| 710 | 1 |aCanada. |bGlobal Affairs Canada, |eissuing body. |
| 775 | 08|tLes exportations de marchandises militaires.|w(CaOODSP)9.880284 |
| 780 | 00|tReport on export of military goods from Canada. |w(CaOODSP)9.504691 |
| 785 | 00|tAnnual report on strategic goods and technologies pursuant to section 27 of the Export and Import Permits Act.|w(CaOODSP)9.952404 |